|
|
|
|
| LEADER |
00000cam a2200000 7i4500 |
| 001 |
0000001564 |
| 005 |
20010802.0 |
| 090 |
0 |
0 |
|a 333.75160959
|b WOR 1986
|
| 110 |
1 |
0 |
|a WORKSHOP on Tropical Forest Ecological Research and Relevance to the Management of Forestry Resources in Southeast Asik1986
|j Kepong, Malaysia
|
| 245 |
1 |
0 |
|a Workshop ... , 16 June - 5 July 1986
|
| 260 |
0 |
0 |
|a Kepong :
|b Forest Research Institute Malaysia ,
|c 1986
|
| 300 |
|
|
|a Various pagings ;
|c 30 cm.
|
| 650 |
0 |
0 |
|a Forest ecology
|z Asia, Southeastern
|x Congresses
|
| 650 |
0 |
0 |
|a Forest management
|z Asia, Southeastern
|x Congresses
|
| 998 |
|
|
|a JPSM
|
| 999 |
|
|
|a 0000003845
|b Monograph
|c Open Shelf
|e Default branch
|